UEFA European Championship All-Time Table Top 10 - Statistics

General Stats
  • This quiz has been taken 72 times
  • The average score is 8 of 10
Answer Stats
Points Answer % Correct
104 Germany/West Germany
100%
99 Spain
93%
85 Italy
87%
84 France
85%
78 Netherlands
81%
75 Portugal
78%
70 England
75%
46 Russia/USSR
57%
53 Czechia/Czechoslovakia
54%
39 Belgium
49%
No matching quizzes found
Score Distribution
Percent of People with Each Score
Percentile by Number Answered
Your Score History
You have not taken this quiz